000 00505nam a2200241Ia 4500
003 IT-RoPAU
008 120407s9999 xx 000 0 und d
040 _aIT-RoPAU
040 _cIT-RoPAU
041 _aesp
100 _aDe Fiores -
245 _aNuevo Diccionario de Espiritualidad
250 _aMadrid
260 _aEdiciones Paulinas
260 _c1983
300 _a1467 p.
300 _c19 cm
490 _v1
700 _aGoffi
700 _aGuerra
942 _cBK
999 _c25871
_d25871